Artisti con più brani musicali in prima posizione (FIMI) - Statistics

Statistiche generali
  • Questo quiz è stato fatto 263 volte
  • Il punteggio medio è 21 su 26
Statistiche sulle risposte
Canzoni Cantante % Corretto
7 La canzone nostra, Mi fai impazzire, Blu celeste, Brividi, Un briciolo di allegria, Bon ton, Piangere a 90 Blanco
96%
12 Magnifico, Vorrei ma non posto, Assenzio, Senza pagare, Italiana, Prima di ogni cosa, TVTB, Le feste di Pablo, Chiamami per nome, Mille, Meglio del cinema, La dolce vita Fedez
94%
5 Vorrei ma non posto, Assenzio, Senza pagare, Italiana, Ostia Lido J-Ax
94%
5 Rolling in the Deep, Someone Like You, Skyfall, Hello, Easy on Me Adele
93%
4 Soldi, Calipso, Brividi, Tuta gold Mahmood
91%
5 Bando, Cookies n' Cream, Everyday, 30°C, Désolée Anna
90%
5 Dove si vola, L'essenziale, Guerriero, Ti ho voluto bene veramente, Due vite Marco Mengoni
90%
30 Tran Tran, Lamborghini, Cupido, Tesla, Peace & Love, Pablo, Borsello, Cabriolet, Happy Birthday, Stamm fort, Calipso, Gigolò, Supreme - L'ego, M' manc, Bottiglie privè, Baby, Nuovo Range, Mi fai impazzire, Solite pare, Piove, S!r!, Alleluia, X caso, Cookies n' Cream, On fire (Paid in full), Hoe, Bon ton, 15 piani, Fentanyl, Neon Sfera Ebbasta
90%
7 M' manc, X caso, Il male che mi fai, Everyday, I p' me, tu p' te, L'ultima poesia, Ginevra Geolier
89%
4 Giovani Wannabe, Ricordi, Nightmares, Islanda Pinguini Tattici Nucleari
88%
5 Non ti scordar mai di me, Novembre, Roma-Bangkok, Amore e capoeira, Jambo Giusy Ferreri
86%
4 British, TVTB, Pussy, Sesso e samba Tony Effe
86%
4 Sincerità, La notte, Controvento, Fragili Arisa
85%
5 Ninna Nanna, Cara Italia, Peace & Love, Boogieman, Good Times Ghali
85%
11 Ho paura di uscire 2, Gigolò, Pussy, Piove, S!r!, Ferrari, Cenere, Bon ton, 100 messaggi, Zeri in più (Locura), Fentanyl Lazza
82%
4 Distratto, Nessun grado di separazione, Magnifico, Chiamami per nome Francesca Michielin
81%
10 Weekend, Fragili, Lamborghini, Trap Phone, Borsello, Infinity Love, Cookies n' Cream, Nato per questo, Come un tuono, Oh mamma mia Guè
79%
8 Calmo, Chance, Auto blu, Alleluia, Syrup, Everyday, Gotham, Neon Shiva
74%
8 Yoshi, Supreme - L'ego, Blun7 a Swishland, Calmo, Spigoli, Altalene, Solite pare, S!r! Thasup
74%
9 Perdonami, 90min, Cabriolet, Il cielo nella stanza, Ho paura di uscire 2, Boogieman, Pussy, La canzone nostra, Kumite Salmo
72%
6 Supreme - L'ego, Infinity Love, Il male che mi fai, 15 piani, Nato per questo, Gli sbandati hanno perso Marracash
70%
4 Calore, Arriverà, Non è l'inferno, Cercavo amore Emma
67%
8 Non cambierò mai, Tesla, Trap Phone, Yoshi (Remix), Gigolò, Chance, Allenamento #4, Moon Capo Plaza
66%
4 Stop! Dimentica, Alla mia età, Each Tear, Potremmo ritornare Tiziano Ferro
55%
7 Il mondo che vorrei, Ad ogni costo, Eh… già, I soliti, L'uomo più semplice, Cambia-menti, Una canzone d'amore buttata via Vasco Rossi
47%
5 Ginza, Mi gente, X, Yoshi (Remix), Baby J Balvin
46%
Nessun quiz corrispondente trovato
Distribuzione punteggi
Percentuale di utenti per punteggio
Percentile per numero di risposta
I tuoi punteggi nel tempo
Non hai fatto questo quiz